Science Quiz

Random Science or Chemistry Quiz

Amino Acids Quiz Stats

 Plays Quiz Updated Oct 18, 2018

Support Sporcle.
Go Orange.
Score 0/20 Timer 06:00
27 Plays Today
% Correct
Lysine
90.1%
Glycine
88.7%
Alanine
88.7%
Serine
85.8%
Leucine
84.9%
Tyrosine
84.7%
Valine
84.2%
Arginine
83.2%
Tryptophan
82.6%
Proline
78.6%
% Correct
Phenylalanine
77.7%
Glutamine
75%
Glutamic acid
74.6%
Cysteine
73.7%
Methionine
73%
Aspartic acid
72.5%
Isoleucine
70.7%
Threonine
70%
Histidine
70%
Asparagine
62.9%

From the Vault

Presidential Caricatures

by NJSB

History 6m
Presidential caricatures are a long-held and sometimes confusing tradition.
Remove Ads.
Support Sporcle.
Get the best of Sporcle when you Go Orange. This ad-free experience offers more features, more stats, and more fun while also helping to support Sporcle. Thank you for becoming a member.

Show Comments

Extras

Top Quizzes Today


Score Distribution

Your Account Isn't Verified!

In order to create a playlist on Sporcle, you need to verify the email address you used during registration. Go to your Sporcle Settings to finish the process.

Report this User

Report this user for behavior that violates our Community Guidelines.

Details: